<?xml version="1.0" encoding="UTF-8"?><?xml-stylesheet type="text/xsl" href="static/style.xsl"?><OAI-PMH xmlns="http://www.openarchives.org/OAI/2.0/" xmlns:xsi="http://www.w3.org/2001/XMLSchema-instance" xsi:schemaLocation="http://www.openarchives.org/OAI/2.0/ http://www.openarchives.org/OAI/2.0/OAI-PMH.xsd"><responseDate>2026-06-01T01:04:40Z</responseDate><request verb="GetRecord" identifier="oai:riuma.uma.es:10630/8960" metadataPrefix="marc">https://riuma.uma.es/rest/oai/request</request><GetRecord><record><header><identifier>oai:riuma.uma.es:10630/8960</identifier><datestamp>2026-02-03T12:22:29Z</datestamp><setSpec>com_10630_2254</setSpec><setSpec>col_10630_37959</setSpec></header><metadata><record xmlns="http://www.loc.gov/MARC21/slim" xmlns:dcterms="http://purl.org/dc/terms/" xmlns:doc="http://www.lyncode.com/xoai" xmlns:xsi="http://www.w3.org/2001/XMLSchema-instance" xsi:schemaLocation="http://www.loc.gov/MARC21/slim http://www.loc.gov/standards/marcxml/schema/MARC21slim.xsd">
   <leader>00925njm 22002777a 4500</leader>
   <datafield ind2=" " ind1=" " tag="042">
      <subfield code="a">dc</subfield>
   </datafield>
   <datafield ind2=" " ind1=" " tag="720">
      <subfield code="a">McCall, Brian</subfield>
      <subfield code="e">author</subfield>
   </datafield>
   <datafield ind2=" " ind1=" " tag="260">
      <subfield code="c">2015-02-20</subfield>
   </datafield>
   <datafield ind2=" " ind1=" " tag="520">
      <subfield code="a">This paper estimates the effect of tuition rates on college enrollment using data for Texas&#xd;
from the 1990 and 2000 Censuses and the 2004 – 2010 American Community Surveys and&#xd;
geographical data on Community College Taxing Districts. The effect of tuition on&#xd;
enrollment is identified by the facts that tuition rates for those living within a taxing district are lower than those living outside the taxing district and in Texas not all geographic&#xd;
locations are in a taxing district. While the estimated effect of tuition on enrollment depends&#xd;
on the sample used, it is negative and mostly statistically significant in the samples of adults&#xd;
18 and older and negative and sometimes statistically significant in the samples of traditional age students 18 to 24. The estimated effect of tuition on enrollment, however, is found to vary considerably by poverty level status with an increase in tuition rates having a statistically significant negative effect on college enrollment for those with household incomes that are at least 200% of the poverty level both for traditional aged students 18 to 24 years old and all adults 18 and older.</subfield>
   </datafield>
   <datafield ind1="8" ind2=" " tag="024">
      <subfield code="a">http://hdl.handle.net/10630/8960</subfield>
   </datafield>
   <datafield tag="653" ind2=" " ind1=" ">
      <subfield code="a">Subvenciones</subfield>
   </datafield>
   <datafield ind2="0" ind1="0" tag="245">
      <subfield code="a">Do Public Tuition Subsidies Promote College Enrollment?</subfield>
   </datafield>
</record>
</metadata></record></GetRecord></OAI-PMH>